Mire al fondo de las cosas!

保存先:
書誌詳細
第一著者: Makovetski, P. (autor)
フォーマット: 図書
言語:スペイン語
出版事項: Madrid Euro Omega 1995
主題:
タグ: タグ追加
タグなし, このレコードへの初めてのタグを付けませんか!

MARC

LEADER 00000nam a2200000 a 4500
001 UCJ2513
003 CL-VaPUC
005 20240820120347.0
008 061222e19950000SP |||||||||||||||||spa|d
999 |c 318747  |d 318745 
020 |a 8480410647 
040 |c Pontificia Universidad Católica de Valparaíso 
082 0 4 |a 531  |b MAK  |2 21 
100 |a Makovetski, P.  |e autor  |9 503462 
245 1 0 |a Mire al fondo de las cosas! 
260 |a Madrid  |b Euro Omega  |c 1995 
300 |a 527 p 
583 |a last modification  |c 20061222 00:00:00  |k Rodrigo Vera 
650 0 |a Filosofía de las matemáticas   |9 265233 
650 0 |a Astronomía  |9 260985 
852 |a BIBCUR 
942 |c BK  |2 ddc 
945 |d 20061222 00:00:00  |a jtorresc 
952 |0 0  |1 0  |4 0  |6 531_000000000000000_MAK_1995  |7 0  |8 A  |9 396791  |a BIBCUR  |b BIBCUR  |d 2019-11-22  |i 4309073  |o 531 MAK 1995  |p 4309073  |r 2025-04-22  |w 2019-11-22  |y BK  |k FIS